000 00484nam a2200217Ia 4500
008 101110s9999 xx 000 0 und d
041 _aMARATHI
082 _bJR5889
100 _aMane Laxman
245 _aBandha darwaja
260 _c2006
_bGranthali prakashan,Mumbai
300 _a191
365 _b180
520 _aMarathi
546 _aMARATHI
630 _aBandha darwaja
650 _aMarathi
655 _aMarathi
730 _aBandha darwaja
942 _cBOOK
999 _c796683
_d796680